书目信息 |
| 题名: |
广告策划与创意
|
|
| 作者: | 蒋旭峰 , 杜骏飞 主编 | |
| 分册: | ||
| 出版信息: | 北京 中国人民大学出版社 2006 |
|
| 页数: | 657页 | |
| 开本: | 23cm | |
| 丛书名: | ||
| 单 册: | ||
| 中图分类: | F713.81 | |
| 科图分类: | ||
| 主题词: | 广告--策划--高等教育--教材 , 广告--创作方法--高等教育--教材 , 广告 , 策划 , 创作方法 | |
| 电子资源: | ||
| ISBN: | 7-300-07550-9 | |
| 000 | 01051nam0 2200301 450 | |
| 001 | 003340043 | |
| 005 | 20091207095056.55 | |
| 010 | @a7-300-07550-9@dCNY49.80 | |
| 100 | @a20070108d2006 em y0chiy0110 ea | |
| 101 | 0 | @achi |
| 102 | @aCN@b110000 | |
| 105 | @aa z 000yy | |
| 106 | @ar | |
| 200 | 1 | @a广告策划与创意@9guang gao ce hua yu chuang yi@f蒋旭峰,杜骏飞主编 |
| 210 | @a北京@c中国人民大学出版社@d2006 | |
| 215 | @a657页@c图@d23cm | |
| 300 | @a普通高等教育“十五”国家级规划教材 21世纪新闻传播学系列教材 | |
| 330 | @a全书主要围绕广告运动原理、广告策划与创意概说、广告策略与营销系统、广告策略与公共关系、广告策略与CIS、网络广告创意、分题材广告创意等十六章来介绍广告策划与创意的内容。 | |
| 606 | 0 | @a广告@x策划@x高等教育@j教材 |
| 606 | 0 | @a广告@x创作方法@x高等教育@j教材 |
| 606 | 0 | @a广告 |
| 606 | 0 | @a策划 |
| 606 | 0 | @a创作方法 |
| 690 | @aF713.81@v4 | |
| 701 | 0 | @a蒋旭峰@9jiang xu feng@f(1966~)@4主编 |
| 701 | 0 | @a杜骏飞@9du jun fei@f(1965~)@4主编 |
| 801 | 0 | @aCN@bNLC@c20091207 |
| 905 | @b20796613-17@dF713.81@e429@f5 | |
| 广告策划与创意/蒋旭峰,杜骏飞主编.-北京:中国人民大学出版社,2006 |
| 657页:图;23cm |
| 普通高等教育“十五”国家级规划教材 21世纪新闻传播学系列教材 |
| ISBN 7-300-07550-9:CNY49.80 |
| 全书主要围绕广告运动原理、广告策划与创意概说、广告策略与营销系统、广告策略与公共关系、广告策略与CIS、网络广告创意、分题材广告创意等十六章来介绍广告策划与创意的内容。 |
| ● |
| 相关链接 |
|
|
|
|
正题名:广告策划与创意
索取号:F713.81/429
 
预约/预借
| 序号 | 登录号 | 条形码 | 馆藏地/架位号 | 状态 | 备注 |
| 1 | 796613 | 207966138 | 第一样本阅览室/ [索取号:F713.81/429] | 在馆 | |
| 2 | 796614 | 207966147 | 第一借阅区/ [索取号:F713.81/429] | 在馆 | |
| 3 | 796615 | 207966156 | 第一借阅区/ [索取号:F713.81/429] | 在馆 | |
| 4 | 796616 | 207966165 | 第一借阅区/ [索取号:F713.81/429] | 在馆 | |
| 5 | 796617 | 207966174 | 密集书库-文学院/ [索取号:F713.81/429] | 在馆 |